Kashmir: before the accession and after (Record no. 1228387)

MARC details
000 -LEADER
fixed length control field 00647nam a2200229Ia 4500
005 - DATE AND TIME OF LATEST TRANSACTION
control field 20241129110959.0
008 - FIXED-LENGTH DATA ELEMENTS--GENERAL INFORMATION
fixed length control field 241129s9999||||xx |||||||||||||| ||und||
020 ## - INTERNATIONAL STANDARD BOOK NUMBER
International Standard Book Number 978-93-91144-70-8
037 ## - SOURCE OF ACQUISITION
Stock number TB
040 ## - CATALOGING SOURCE
Original cataloging agency CRL
Language of cataloging eng
Transcribing agency CRL
041 ## - LANGUAGE CODE
Language code of text/sound track or separate title eng
Source of code eng
084 ## - COLON CLASSIFICATION NUMBER
Classification number V247 R2
Assigning agency CRL
100 ## - MAIN ENTRY--PERSONAL NAME
Personal name Hangloo Rattan Lal Au.
245 #0 - TITLE STATEMENT
Title Kashmir: before the accession and after
Statement of responsibility, etc. Hangloo Rattan Lal Au.
260 ## - PUBLICATION, DISTRIBUTION, ETC.
Place of publication, distribution, etc. New Delhi, India
Name of publisher, distributor, etc. Primus Books
Date of publication, distribution, etc. 2022
300 ## - PHYSICAL DESCRIPTION
Extent xi,234p.
365 ## - TRADE PRICE
Price type code INR
Price amount 1295
546 ## - LANGUAGE NOTE
Language note Translated from Sanskrit to English
650 ## - SUBJECT ADDED ENTRY--TOPICAL TERM
Topical term or geographic name entry element History
942 ## - ADDED ENTRY ELEMENTS (KOHA)
Koha item type Textbook
Classification part V247 R2
Holdings
Withdrawn status Lost status Damaged status Not for loan Home library Current library Date acquired Source of acquisition Cost, normal purchase price Inventory number Total Checkouts Full call number Barcode Date last seen Price effective from Koha item type
        Central Library Central Library 2024-11-29 The Book Kart 1295.00 125 & 20/01/2023   V247 R2 CL1679184 2024-11-29 2024-11-29 Textbook
Copyright @ Delhi University Library System